Atlas básico de astronomia (Registo nº 1305)
[ vista simples ]
| 000 -Etiqueta do registo | |
|---|---|
| Cabeçalho | 00864cam a2200301 4500 |
| 005 - Identificador da versão | |
| Campo de controlo | 20240813121832.0 |
| 010 ## - Número internacional normalizado dos livros (ISBN) | |
| Número (ISBN) | 9726506298 |
| 035 ## - Other System Control Numbers | |
| System Control Number | CMELV_176.iso/23-11-2009/24018 |
| System Control Number | 2225885 |
| 100 ## - Dados gerais de processamento | |
| Dados gerais de processamento | 20080201d2003 a y0pory5003 ba |
| 102 ## - Pais de publicação ou produção | |
| País de publicação | Portugal |
| 101 1# - Língua de publicação | |
| Língua do texto, banda sonora, etc. | Português |
| Língua do documento no original | Espanhol |
| 106 ## - Campo de dados codificados: material textual | |
| Dados codificados do material textual | r |
| 215 ## - Descrição física | |
| Indicação específica da natureza do documento e extensão da espécie | 96 p. |
| Dimensões | 28 cm |
| 200 1# - Titulo e menção de responsabilidade | |
| Título próprio | Atlas básico de astronomia |
| Outras menções de responsabilidade | trad. e adapt. José Augusto Matos |
| -- | coord. Guilherme de Almeida |
| 225 2# - Colecção | |
| Título próprio da colecção | Atlas básico |
| 205 ## - Menção da edição | |
| Menção da edição | 1ª ed |
| 210 ## - Publicação, Distribuição, etc. | |
| Lugar da edição, distribuição, etc. | Lisboa |
| Nome do editor, distribuidor, etc. | Didáctica |
| Data da publicação, distribuição, etc. | 2003 |
| 304 ## - Notas relativas a título e menção de responsabilidade | |
| Texto da nota | Tít orig: Atlas básico de astronomía |
| 675 ## - Classificação Decimal Universal (CDU) | |
| Notação | 524(030) |
| Edição | BN |
| Língua da edição | por |
| Notação | 52 |
| Edição | BN |
| Língua da edição | por |
| 702 #1 - Nome de autor-pessoa física (responsabilidade secundária) | |
| Número de registo de entrada de autoridade | 0001851 |
| Palavra de ordem | Matos |
| Outra parte do nome não tomada para palavra de ordem | José Augusto |
| Código de função | Tradutor |
| Número de registo de entrada de autoridade | 0001852 |
| Palavra de ordem | Almeida |
| Outra parte do nome não tomada para palavra de ordem | Guilherme de |
| Código de função | Editor literário / Coordenador |
| 966 ## - Identificação da Biblioteca | |
| Sigla | NUMETECA |
| 942 ## - Elementos de entrada adicionados (Koha) | |
| Tipo de item no Koha | Livro |
| Situação do levantamento | Origin of item (home branch) (coded) | Biblioteca de empréstimo | Código de barras | Cota | Circulation type (not for loan) | Tipo de documento | Nota do exemplar | Damaged status |
|---|---|---|---|---|---|---|---|---|
| Biblioteca Escolar Eng. Nuno Mergulhão | Biblioteca Escolar Eng. Nuno Mergulhão | BENM3178 | 2003 | 524 AST ALM | Livro | Sem mensagem |
